Molecular investigations on etiological agent of tapping panel dryness disease of rubber (Record no. 52313)

MARC details
000 -LEADER
fixed length control field 00555nam a2200157Ia 4500
100 ## - MAIN ENTRY--AUTHOR NAME
Personal name Ramachandran Padma
245 #0 - TITLE STATEMENT
Title Molecular investigations on etiological agent of tapping panel dryness disease of rubber
260 ## - PUBLICATION, DISTRIBUTION, ETC. (IMPRINT)
Name of publisher 5th International Conference on Plant Pathology in the Globalized Era, 10-13 November 2009, New Delhi, India, pp. 42
650 ## - SUBJECT ADDED ENTRY--TOPICAL TERM
Topical Term Tapping panel dryness
700 ## - ADDED ENTRY--PERSONAL NAME
Personal name Abraham Thomson
700 ## - ADDED ENTRY--PERSONAL NAME
Personal name Kumar Ajay
700 ## - ADDED ENTRY--PERSONAL NAME
Personal name Malathi V.G.
700 ## - ADDED ENTRY--PERSONAL NAME
Personal name Mathew Jacob
942 ## - ADDED ENTRY ELEMENTS (KOHA)
Koha item type Bibliography STAF
Holdings
Withdrawn status Lost status Damaged status Not for loan Home library Current library Date acquired Koha item type
      Bibliography RRII Library RRII Library 26/11/2009 Bibliography STAF